[Event "Match"]
[Site "www.echecsemail.com"]
[Date "2016.05.27"]
[Round "1"]
[White "Krystek23"]
[Black "Carazo"]
[WhiteElo "2230"]
[BlackElo "1850"]
[Result "1-0"]
[Round "1"]
1.c4 e5
2.Nb1c3 g6
3.e4 Bf8c5
4.Ng1f3 Nb8c6
5.d3 Bc5d4
6.Nf3xd4 Nc6xd4
7.Bc1e3 Nd4e6
8.d4 Ng8e7
9.dxe5 Ne7c6
10.f4 Ne6g7
11.Qd1d2 O-O
12.Bf1e2 Rf8e8
13.O-O b6
14.Nc3d5 a5
15.Nd5f6 Kh8
16.Nf6xe8 Qd8xe8
17.c5 Bc8a6
18.cxb6 Ng7e6
19.Be2xa6 Ra8xa6
20.f5 gxf5
21.exf5 cxb6
22.fxe6 dxe6
23.Qd2f2 b5
24.Qf2f6 Kg8
25.Be3h6 { resign }
1-0

[Event "Match"]
[Site "www.echecsemail.com"]
[Date "2016.05.27"]
[Round "1"]
[White "Olddog55"]
[Black "Towerbridge"]
[WhiteElo "1580"]
[BlackElo "1550"]
[Result "1-0"]
[Round "1"]
1.d4 d5
2.Ng1f3 Ng8f6
3.e3 Bc8g4
4.Bf1e2 e6
5.Nf3e5 Bg4xe2
6.Qd1xe2 a6
7.O-O Nb8d7
8.f4 c5
9.b3 Bf8e7
10.Rf1f3 O-O
11.Rf3h3 Rf8e8
12.g4 Nf6e4
13.g5 g6
14.Ne5xf7 Kxf7
15.Rh3xh7 Kg8
16.Rh7h3 cxd4
17.Qe2g4 Nd7f8
18.Bc1b2 Be7d6
19.Bb2xd4 e5
20.Bd4b2 Qd8d7
21.Qg4h4 Kf7
22.Rh3f3 Ke6
23.Qh4h6 Qd7h7
24.f5 Kd7
25.fxg6 Qh7xh6
26.gxh6 Nf8xg6
27.Nb1c3 Re8g8
28.Kh1 Ne4xc3
29.Bb2xc3 Ra8f8
30.h7 Rg8h8
31.Rf3h3 Rf8f7
32.Ra1g1 Rf7g7
33.Rg1g5 Ke6
34.Rg5g4 Kf6
35.Rh3f3 Ke6
36.h4 Rh8xh7
37.Bc3e1  { time }
1-0

[Event "Match"]
[Site "www.echecsemail.com"]
[Date "2016.05.27"]
[Round "1"]
[White "Fangshuo"]
[Black "Thecellist"]
[WhiteElo "2080"]
[BlackElo "1809"]
[Result "1-0"]
[Round "1"]
1.e4 c5
2.Ng1f3 d6
3.Nb1c3 Ng8f6
4.Bf1c4 e6
5.d3 Bf8e7
6.Bc1f4 O-O
7.Qd1d2 Nb8c6
8.O-O-O  { time }
1-0

[Event "1/64 Finale"]
[Site "www.chess-mail.com"]
[Date "2016.05.27"]
[Round "1"]
[White "Derfel83"]
[Black "Raven16"]
[WhiteElo "2080"]
[BlackElo "2100"]
[Result "0-1"]
[Round "1"]
1.c4 e5
2.Nb1c3 Ng8f6
3.g3 Nb8c6
4.Bf1g2 Bf8b4
5.a3 Bb4xc3
6.dxc3 O-O
7.Ng1f3 d6
8.O-O Bc8e6
9.b3 h6
10.a4 Qd8c8
11.Bc1a3 Be6h3
12.Qd1c2 Bh3xg2
13.Kxg2 Rf8e8
14.b4 Qc8g4
15.b5 Nc6a5
16.c5 Na5c4
17.Ba3b4 Nf6d5
18.cxd6 cxd6
19.Qc2b3 Nd5f4
20.Kh1 Nf4xe2
21.Nf3g1 Ne2xg1
22.Kxg1 Nc4d2
23.Qb3d1 Nd2f3
24.Kg2 e4
25.Ra1a3 Re8e5
26.c4 Re5h5
{ resign }
0-1

[Event "1/64 Finale"]
[Site "www.chess-mail.com"]
[Date "2016.05.27"]
[Round "1"]
[White "Huw"]
[Black "Blackpool"]
[WhiteElo "2300"]
[BlackElo "1760"]
[Result "1-0"]
[Round "1"]
1.d4 Ng8f6
2.c4 e6
3.Ng1f3 b6
4.Bc1f4 Bc8b7
5.Nb1c3 Bf8b4
6.Nf3d2 Bb4xc3
7.bxc3 O-O
8.Qd1c2 d6
{ time. }
1-0

[Event "Eq:La Taverne-Los Tercios : "]
[Site "www.chess-mail.com"]
[Date "2016.05.27"]
[Round "1"]
[White "Fkarpov"]
[Black "Lui"]
[WhiteElo "2130"]
[BlackElo "2350"]
[Result "0-1"]
[Round "1"]
1.e4 c5
2.Ng1f3 d6
3.Bf1e2 Ng8f6
4.O-O Nf6xe4
5.d3 Ne4f6
6.Bc1e3 e6
7.Nb1c3 Nb8c6
8.a3 Bf8e7
9.h3 O-O
10.Rf1e1 d5
11.d4 cxd4
12.Be3xd4 Nc6xd4
13.Qd1xd4 a6
14.Nf3e5 Qd8c7
15.Be2f3 Bc8d7
16.Ne5xd7 Qc7xd7
17.Nc3e4 dxe4
18.Qd4xd7 Nf6xd7
19.Bf3xe4 Nd7c5
20.Be4f3 Be7f6
21.Ra1b1 Ra8b8
22.b4 Nc5d7
23.c4 Nd7e5
24.Bf3e2 Rf8d8
25.c5 Rd8d2
26.Kf1 Rb8d8
27.Rb1c1 Ne5d3
28.Be2xd3 Rd2xd3
{ resign }
0-1

[Event "Eq:La Taverne-Royal chess : "]
[Site "www.chess-mail.com"]
[Date "2016.05.27"]
[Round "1"]
[White "Coraza8091"]
[Black "Cal"]
[WhiteElo "1660"]
[BlackElo "1630"]
[Result "1-0"]
[Round "1"]
1.e4 e5
2.Bf1c4 Ng8f6
3.d4 exd4
4.Qd1xd4 Nb8c6
5.Bc4xf7 Kxf7
6.Qd4c4 d5
7.exd5 Nc6e5
8.Qc4d4 Bf8d6
9.Bc1g5 h6
10.Bg5h4 Bc8f5
11.f4 Ne5g6
12.Ng1e2 Rh8e8
13.Nb1c3 Bf5xc2
14.g4 Bd6xf4
15.Bh4xf6 Bf4e3
16.Bf6xd8 Ra8xd8
17.Qd4c4 Be3g5
18.Qc4xc7 Kg8
19.Rh1f1 Bc2d3
20.Qc7f7 Kh7
21.Ra1d1 Ng6e5
22.Qf7xb7 Bd3c4
23.b3 Bc4d3
24.Kf2 Ne5xg4
25.Kg1 Ng4e3
26.Rd1xd3 Ne3g4
27.Kh1 Re8e7
28.Qb7b4 Ng4e5
29.Qb4e4 Ne5g6
30.Qe4f5 Rd8f8
31.Qf5h3 Rf8e8
32.Rd3d2 Bg5xd2
33.d6 Re7e3
34.Qh3d7 Re8e6
35.Rf1f7 Bd2xc3
36.Rf7xg7 Bc3xg7
37.Ne2d4 Re6e5
38.Nd4f5 Re3e1
39.Kg2 Ng6f4
40.Kg3 Nf4h5
41.Kf2 Re5e2
42.Kf3 Re2xh2
43.Qd7xa7 Re1f1
44.Ke4 Rh2e2
45.Nf5e3 Rf1f4
46.Kd3 Nh5g3
47.d7 Ng3e4
48.Kxe2 Rf4f7
49.Qa7b7 Ne4c5
50.d8Q Rf7xb7
51.Qd8c8 Bg7d4
52.Qc8f5 Kg7
53.Qf5g4 Kf8
54.Qg4xd4 Nc5e4
55.Qd4xe4 h5
56.Qe4xb7 { resign }
1-0

[Event "Eq:Slap Shot Mates-Royal chess : "]
[Site "www.chess-mail.com"]
[Date "2016.05.27"]
[Round "1"]
[White "Witpar"]
[Black "Badshahc"]
[WhiteElo "2700"]
[BlackElo "1960"]
[Result "1-0"]
[Round "1"]
1.d4 Ng8f6
2.c4 g6
3.Nb1c3 Bf8g7
4.e4 d6
5.f3 O-O
6.Bc1e3 e5
7.Ng1e2 Nb8c6
8.d5 Nc6e7
9.Qd1d2 Nf6e8
10.g4  { time }
1-0

[Event "Tourn. n8771"]
[Site "www.chess-mail.com"]
[Date "2016.05.28"]
[Round "1"]
[White "Roque1"]
[Black "Robert66"]
[WhiteElo "1920"]
[BlackElo "2090"]
[Result "0-1"]
[Round "1"]
1.e4 e5
2.Ng1f3 Nb8c6
3.Bf1b5 a6
4.Bb5a4 Ng8f6
5.Ba4xc6 dxc6
6.Nf3xe5 Qd8d4
7.Ne5xf7 Kxf7
8.d3 Bf8e7
9.O-O { time. }
0-1

[Event "Tourn. n8735"]
[Site "www.chess-mail.com"]
[Date "2016.05.28"]
[Round "1"]
[White "Nimzo"]
[Black "Senitram"]
[WhiteElo "2870"]
[BlackElo "2700"]
[Result "1-0"]
[Round "1"]
1.d4 Ng8f6
2.c4 c5
3.d5 d6
4.Nb1c3 g6
5.e4 Bf8g7
6.Bf1d3 O-O
7.h3 Nf6d7
8.Ng1f3 Nd7e5
9.Nf3xe5 Bg7xe5
10.Bc1h6 Rf8e8
11.h4 Be5xc3
12.bxc3 Nb8d7
13.h5 Qd8a5
14.Qd1d2 Nd7f6
15.hxg6 fxg6
16.f4 b5
17.f5 bxc4
18.Bd3c2 { resign }
1-0

[Event "Tourn. n8718"]
[Site "www.chess-mail.com"]
[Date "2016.05.28"]
[Round "1"]
[White "Andychesston"]
[Black "Faerieking"]
[WhiteElo "2000"]
[BlackElo "2240"]
[Result "0-1"]
[Round "1"]
1.e4 e5
2.Ng1f3 Nb8c6
3.d4 exd4
4.Nf3xd4 Bf8c5
5.Bc1e3 Qd8f6
6.c3 Ng8e7
7.a4 Nc6xd4
8.cxd4 Bc5b4
9.Nb1c3 O-O
10.e5 Qf6e6
11.Bf1e2 c6
12.O-O d6
13.exd6 Bb4xd6
14.g3 f5
15.b3 f4
16.Be2c4 Ne7d5
17.Nc3xd5 cxd5
18.Rf1e1 fxe3
19.Re1xe3 Qe6f7
20.Bc4xd5 Qf7xd5
21.f4 Bc8h3
22.Ra1a2 Bh3d7
23.h4 Bd7c6
24.Kh2 Rf8xf4
25.Re3d3 Rf4xh4
26.Kg1 Rh4h1
27.Kf2 Qd5g2
28.Ke3 Ra8e8

0-1

[Event "Tourn. n8689"]
[Site "www.chess-mail.com"]
[Date "2016.05.28"]
[Round "1"]
[White "Comrade"]
[Black "Guidom"]
[WhiteElo "2170"]
[BlackElo "2020"]
[Result "1/2-1/2"]
[Round "1"]
1.d4 d5
2.c4 dxc4
3.Nb1c3 c6
4.e3 b5
5.a4 b4
6.Nc3e4 Qd8d5
7.Ne4g3 Bc8a6
8.Bf1e2 Ng8f6
9.Be2f3 Qd5d7
10.Bc1d2 e6
11.Ng1e2 Bf8e7
12.O-O O-O
13.Qd1c2 Nf6d5
14.e4 b3
15.Qc2c1 Nd5b4
16.Bd2xb4 Be7xb4
17.Rf1d1 Rf8d8
18.Ne2c3 Qd7c7
19.e5 Nb8d7
20.Qc1e3 Ra8c8
21.Ng3e4 Nd7b6
22.Qe3g5 Nb6d5
23.Nc3e2 Bb4e7
24.Qg5g3 g6
25.Bf3g4 f5
26.Bg4h3 Rd8f8
27.Ne4c3 Rf8f7
28.f4 Be7b4
29.Nc3xd5 cxd5
30.Ne2c3 Rf7g7
31.Qg3e3 g5
32.g3 Qc7a5
33.fxg5 Qa5d8
34.Bh3f1 Rg7xg5
35.Bf1e2 Rc8c7
36.Rd1f1 Rc7g7
37.Kh1 Qd8a5
38.Rf1d1 Bb4xc3
39.bxc3 Rg7b7
40.Qe3xg5 Rb7g7
41.Qg5d2 Qa5d8
42.Rd1f1 Ba6c8
43.a5 a6
44.Be2h5 Bc8d7
45.Qd2h6 Qd8g5
46.Qh6xg5 Rg7xg5
47.g4 fxg4
48.Bh5f7 Kg7
49.Rf1f6 g3
50.Ra1g1 g2
51.Rg1xg2 Rg5xg2
52.Kxg2 b2
53.Rf6f1 b1R
54.Rf1xb1 Kxf7
55.Rb1b7 Ke8
56.Rb7a7 Bd7b5
57.Ra7xh7 Kf8
58.h4 Kg8
59.Rh7a7 Kf8
60.h5 Kg8
61.h6 Kh8
62.Ra7e7 Kg8
63.Re7xe6 Kh7
64.Re6d6 Kg8
65.Rd6xd5 Bb5c6
66.Kf3 Bc6xd5
67.Kf4 Kf7
68.Kg5 Bd5e4
69.Kf4 Be4d5
70.Kg5 Bd5e4
71.Kf4 Be4d5

1/2-1/2

[Event "Tourn. n8768"]
[Site "www.chess-mail.com"]
[Date "2016.05.28"]
[Round "1"]
[White "Shlomo"]
[Black "Picifarkinca"]
[WhiteElo "1770"]
[BlackElo "1780"]
[Result "0-1"]
[Round "1"]
1.e4 c5
2.f4 Nb8c6
3.Ng1f3 Qd8a5
4.Nb1c3 Nc6d4
5.Nf3xd4 cxd4
6.Nc3b5 Qa5b6
7.a4 a5
8.Bf1c4 e6
9.O-O d3
10.Kh1 dxc2
11.Qd1xc2 Qb6c6
12.Nb5d4 Qc6c5
13.Nd4f3 b5
14.d4 Qc5xc4
15.Qc2xc4 bxc4
16.d5 Bc8b7
17.Rf1f2 Ng8f6
18.Rf2e2 Bf8b4
19.Bc1d2 O-O
20.Bd2xb4 axb4
21.b3 c3
22.Nf3d4 exd5
23.e5 Nf6e4
24.Nd4c2 Rf8b8
25.Nc2xb4 Bb7c6
26.Nb4xc6 dxc6
27.g4 Rb8xb3
28.Re2a2 Ra8a5
29.Ra2a3 Rb3b4
30.f5 Ne4c5
31.Ra3xc3 h6
32.h4 Rb4xg4
{ resign }
0-1

[Event "Tourn. n8706"]
[Site "www.chess-mail.com"]
[Date "2016.05.28"]
[Round "1"]
[White "Azulmarino"]
[Black "Cal"]
[WhiteElo "1480"]
[BlackElo "1630"]
[Result "0-1"]
[Round "1"]
1.e4 c5
2.c4 Nb8c6
3.Ng1f3 h6
4.a3 e5
5.d3 d6
6.Bc1e3 Ng8f6
7.Nb1c3 Bc8g4
8.Bf1e2 Bf8e7
9.Nf3h4 Bg4xe2
10.Qd1xe2 O-O
11.Nc3d5 Nf6h7
12.Nh4f3 f5
13.O-O f4
14.Be3c1 a6
15.g3 fxg3
16.fxg3 Nc6d4
17.Nf3xd4 cxd4
18.Qe2g4 Rf8xf1
19.Kxf1 b5
20.Nd5e3 Nh7f6
21.Qg4g6 Nf6h5
22.Qg6xh5 bxc4
23.Ne3f5 Be7f6
24.Bc1xh6 Ra8a7
25.Qh5g4 Kh7
26.Bh6d2 Kg8
27.Bd2h6 c3
28.Nf5xg7 Bf6xg7
29.Bh6g5 cxb2
30.Ra1b1 Qd8b8
31.Qg4e6 Ra7f7
32.Ke2 Qb8c7
33.Rb1xb2 Kf8
34.Kd2 Rf7f2
35.Kd1 Rf2xb2
36.Qe6f5 Qc7f7
37.Qf5xf7 Kxf7
38.h4 Kg6
39.g4 Rb2g2
40.Bg5e7 Rg2xg4
41.Be7xd6 Rg4xh4
42.Kc2 Kf6
43.Kb3 Rh4h3
44.Kc4 Ke6
45.Bd6c7 Bg7f8
46.a4 Rh3h7
47.Bc7b6 Bf8d6
48.Bb6c5 Bd6xc5
49.Kxc5 Rh7b7
50.Kc6 Rb7b3
51.a5 Rb3b5
52.Kc7 Rb5xa5
53.Kb7 Kd6
54.Kb6 Ra5a3
55.Ka7 Kc5
56.Kb7 a5
57.Ka6 Kb4
58.Kb6 a4
59.Kc6 Ra3xd3
60.Kd5 a3
61.Kxe5 a2
62.Kd5 a1Q
{ resign }
0-1

[Event "Tourn. n8778"]
[Site "www.chess-mail.com"]
[Date "2016.05.28"]
[Round "1"]
[White "Jhzes"]
[Black "Thecellist"]
[WhiteElo "1809"]
[BlackElo "1809"]
[Result "1-0"]
[Round "1"]
1.Nb1c3 d5
2.d4 Ng8f6
3.Bc1f4 c6
4.Ng1f3 Qd8b6
5.b3 Bc8f5
6.Nc3a4 Qb6a5
7.c3 e6
8.a3  { time }
1-0

[Event "Tourn. n8739"]
[Site "www.chess-mail.com"]
[Date "2016.05.28"]
[Round "1"]
[White "Rons"]
[Black "Sontuozio"]
[WhiteElo "2580"]
[BlackElo "2230"]
[Result "1-0"]
[Round "1"]
1.e4 e6
2.d4 d5
3.Nb1c3 Ng8f6
4.Bc1g5 Bf8e7
5.e5 Nf6d7
6.Bg5xe7 Qd8xe7
7.f4 a6
8.Ng1f3 c5
9.dxc5 Qe7xc5
10.Qd1d2 Nb8c6
11.O-O-O b5
12.Nc3e2 Nd7b6
13.Ne2d4 Nb6c4
14.Bf1xc4 bxc4
15.Nd4xc6 Qc5xc6
16.Qd2a5 Qc6b5
17.Qa5a3 a5
18.c3 Bc8d7
19.Kb1 Ra8b8
20.Nf3d4 Qb5b6
21.Rh1f1 g6
22.g4 h5
23.f5 gxf5
24.gxf5 exf5
25.Rf1xf5 Rb8c8
26.Rf5f6 Qb6c5
27.Qa3xc5 Rc8xc5
28.Rd1g1 Rh8h7
29.Rf6a6 Ke7
30.Rg1g5 h4
31.Ra6a7 Rh7h6
32.Nd4f5 { resign }
1-0

[Event "Tourn. n8749"]
[Site "www.chess-mail.com"]
[Date "2016.05.28"]
[Round "1"]
[White "Orhany24"]
[Black "Piekki"]
[WhiteElo "2250"]
[BlackElo "2270"]
[Result "0-1"]
[Round "1"]
1.e4 c5
2.Ng1f3 Nb8c6
3.d4 cxd4
4.Nf3xd4 e5
5.Nd4xc6 bxc6
6.c4 Ng8f6
7.Bf1d3 Bf8c5
8.O-O h6
9.Nb1c3 Bc8b7
10.h3 O-O
11.Qd1c2 Ra8c8
12.Nc3a4 Bc5e7
13.Bc1e3 d5
14.Na4c5 Bb7a8
15.Ra1d1 d4
{ resign }
0-1

[Event "Match"]
[Site "www.echecsemail.com"]
[Date "2016.05.28"]
[Round "1"]
[White "Nulladies"]
[Black "Crazyhorse"]
[WhiteElo "1499"]
[BlackElo "1499"]
[Result "1-0"]
[Round "1"]
1.d4 Ng8f6
2.Ng1f3 e6
3.Bc1f4 c5
4.e3 Nb8c6
5.c3 Bf8e7
6.Bf1d3 O-O
7.Nb1d2 Nf6h5
8.Bf4g3 Nh5f6
9.Nf3e5 Nc6xe5
10.dxe5 Nf6d5
11.O-O d6
12.e4 Nd5b6
13.Nd2f3 Qd8c7
14.Bd3b5 Rf8d8
15.exd6 Be7xd6
16.Bg3xd6 Rd8xd6
17.Qd1e2 Nb6d7
18.e5 Rd6b6
19.Rf1d1 a6
20.Bb5a4 c4
21.Rd1d4 { resign }
1-0

[Event "Match"]
[Site "www.echecsemail.com"]
[Date "2016.05.28"]
[Round "1"]
[White "Thecellist"]
[Black "Gimmyg"]
[WhiteElo "1809"]
[BlackElo "2540"]
[Result "0-1"]
[Round "1"]
1.e4 Nb8c6
2.Ng1f3 f5
3.e5 d6
4.Bf1b5 Bc8d7
5.Qd1e2 Nc6xe5
6.Nf3xe5 dxe5
7.Qe2xe5 Ng8f6
 { time }
0-1

[Event "Match"]
[Site "www.echecsemail.com"]
[Date "2016.05.28"]
[Round "1"]
[White "Derfel83"]
[Black "Jhzes"]
[WhiteElo "2070"]
[BlackElo "1809"]
[Result "0-1"]
[Round "1"]
1.c4 e5
2.Nb1c3 Bf8c5
3.Ng1f3 d6
4.Nc3e4 Bc5b6
5.b4 c5
6.Bc1a3 Bc8f5
7.Qd1a4 Nb8c6
8.Nf3xe5 dxe5
9.Ne4c3 cxb4
10.Ba3xb4 Ng8e7
11.e3 O-O
12.Bf1e2 Nc6xb4
13.Qa4xb4 a5
14.Qb4b2 Ne7c6
15.a3 Ra8b8
16.O-O Bb6c7
17.Nc3d5 f6
18.d3 Bf5e6
19.Nd5xc7 Qd8xc7
20.Ra1b1 Rf8d8
{ resign }
0-1

[Event "Match"]
[Site "www.echecsemail.com"]
[Date "2016.05.28"]
[Round "1"]
[White "Trucker44"]
[Black "Cal"]
[WhiteElo "1380"]
[BlackElo "1630"]
[Result "0-1"]
[Round "1"]
1.d4 d5
2.f4 Bc8f5
3.e3 e6
4.Nb1c3 a6
5.a4 h6
6.h4 Ng8f6
7.b3 c6
8.Bc1a3 Bf8xa3
9.Ra1xa3 Nb8d7
10.Ng1f3 c5
11.a5 O-O
12.Bf1d3 Bf5xd3
13.cxd3 cxd4
14.exd4 b6
15.g3 b5
16.b4 Nf6g4
17.h5 Qd8f6
18.Nc3e2 Ng4e3
19.Qd1c1 Ne3g4
20.Rh1h4 Qf6f5
21.Ra3c3 g5
22.Rh4h3 f6
23.Rc3c7 Rf8d8
24.Qc1c6 Qf5xd3
 { time }
0-1

[Event "Match"]
[Site "www.echecsemail.com"]
[Date "2016.05.28"]
[Round "1"]
[White "Ranjachess"]
[Black "Rindrandria"]
[WhiteElo "1690"]
[BlackElo "1640"]
[Result "1-0"]
[Round "1"]
1.e4 e6
2.Nb1c3 c6
3.d4 b5
4.e5 Bf8b4
5.Bc1d2 Qd8b6
6.Nc3d5 Bb4xd2
7.Qd1xd2 cxd5
8.Ng1f3 Nb8c6
9.Bf1d3 a5
10.O-O Nc6xd4
11.Qd2e3 Nd4xf3
12.Qe3xf3 Qb6d4
13.c3 Qd4xe5
14.Bd3xb5 d4
15.c4 Ra8b8
16.b3 Bc8b7
17.Qf3g3 Qe5f6
18.Qg3xb8 Ke7
19.Qb8xb7 Qf6f5
20.Qb7xd7 Kf6
21.Qd7xd4 Kg6
22.g4 Qf5g5
23.c5 Ng8h6
24.f3 Rh8d8
25.Bb5d7 Nh6f5
26.Qd4d3 Kh6
27.c6 Qg5f4
28.gxf5 e5
29.c7 Qf4g5
30.Kh1 Rd8a8
31.c8Q Ra8a6
32.Qc8xa6 g6
33.Rf1g1 Qg5h5
34.Qd3e3 Kg7
35.f6 Kg8
36.Qa6c8 
1-0

[Event "Match"]
[Site "www.echecsemail.com"]
[Date "2016.05.28"]
[Round "1"]
[White "Krystek23"]
[Black "Liencam2"]
[WhiteElo "2260"]
[BlackElo "2320"]
[Result "1-0"]
[Round "1"]
1.c4 e5
2.Nb1c3 Bf8b4
3.Qd1c2 Ng8f6
4.a3 Bb4xc3
5.Qc2xc3 d6
6.d3 h6
7.Ng1f3 Nb8c6
8.b4 O-O
9.e3 Bc8g4
10.Bf1e2 Rf8e8
11.Bc1b2 Qd8d7
12.h3 Bg4h5
13.Ra1d1 d5
14.b5 d4
15.bxc6 Qd7xc6
16.Qc3c2 b5
17.exd4 exd4
18.O-O Ra8d8
19.Rd1e1 bxc4
20.Nf3xd4 Qc6b6
21.Be2xh5 Rd8xd4
22.Bb2xd4 Qb6xd4
23.Re1xe8 Nf6xe8
24.Qc2xc4 { resign }
1-0

[Event "Match"]
[Site "www.echecsemail.com"]
[Date "2016.05.28"]
[Round "1"]
[White "Thecellist"]
[Black "Hundegana"]
[WhiteElo "1809"]
[BlackElo "1980"]
[Result "0-1"]
[Round "1"]
1.e4 c5
2.Ng1f3 b6
3.d4 Qd8c7
4.Nb1c3 a6
5.Bc1g5 f6
6.Bg5h4 g6
7.Bf1e2 Bc8b7
8.O-O Nb8c6
 { time }
0-1

[Event "Match"]
[Site "www.echecsemail.com"]
[Date "2016.05.28"]
[Round "1"]
[White "Pinehill"]
[Black "Thecellist"]
[WhiteElo "2100"]
[BlackElo "1809"]
[Result "1-0"]
[Round "1"]
1.e4 c5
2.Ng1f3 d6
3.d4 cxd4
4.Nf3xd4 Ng8f6
5.Nb1c3 a6
6.Bc1g5 e6
7.Bf1e2 Bf8e7
8.Qd1d2  { time }
1-0

[Event "Match"]
[Site "www.echecsemail.com"]
[Date "2016.05.28"]
[Round "1"]
[White "Pimpampum"]
[Black "Difficult"]
[WhiteElo "1499"]
[BlackElo "1870"]
[Result "1-0"]
[Round "1"]
1.Ng1f3 g6
2.g3 Bf8g7
3.Bf1g2 e5
4.d3 Nb8c6
5.O-O d6
6.e4 Ng8e7
7.Nf3h4 O-O
8.f4 f5
9.exf5 Ne7xf5
10.Nh4xf5 Bc8xf5
11.Nb1c3 Qd8d7
12.Bc1e3 exf4
13.Be3xf4 Ra8e8
14.Qd1d2 b6
15.Ra1e1 Nc6d4
16.Nc3e4 Bf5xe4
17.Bg2xe4 d5
18.Be4g2 c5
19.c3 Nd4e6
20.Bf4e5 Rf8xf1
21.Bg2xf1 Bg7xe5
22.Re1xe5 Ne6g7
23.Qd2e3 Re8xe5
24.Qe3xe5 Ng7f5
25.Bf1g2 d4
26.Bg2d5 Kf8
27.Qe5f6 Ke8
28.Bd5c6 { resign }
1-0

[Event "Eq:Equipo Juan Diaz-chibcha : "]
[Site "www.chess-mail.com"]
[Date "2016.05.28"]
[Round "1"]
[White "Karlgrocer"]
[Black "Ecijaajedrez"]
[WhiteElo "2050"]
[BlackElo "2360"]
[Result "0-1"]
[Round "1"]
1.Ng1f3 d5
2.d4 Ng8f6
3.e3 e6
4.Bf1e2 Bf8e7
5.O-O O-O
6.Nb1d2 c5
7.dxc5 Be7xc5
8.a3 a5
9.b3 b6
10.Bc1b2 Bc8b7
11.c4 Nb8d7
12.cxd5 Bb7xd5
13.Nf3e5 Nd7xe5
14.Bb2xe5 Qd8e7
15.Be2f3 Rf8d8
16.Qd1e2 Bd5xf3
17.Qe2xf3 Bc5xa3
18.Nd2c4 Ba3c5
19.Rf1d1 Rd8xd1
20.Ra1xd1 Ra8d8
21.Rd1b1 Nf6d5
22.e4 Nd5b4
23.h3 b5
24.Nc4xa5 f6
25.Be5c3 Rd8d3
26.Qf3e2 Rd3xc3
27.Qe2xb5 Nb4d3
28.Na5b7 Bc5xf2
29.Kh1 Bf2d4
30.b4 Nd3f2
31.Kh2 Qe7c7
32.Kg1 Nf2g4
{ resign }
0-1

[Event "Fast Game"]
[Site "www.echecsemail.com"]
[Date "2016.05.28"]
[Round "1"]
[White "Attatroll"]
[Black "Add"]
[WhiteElo "1880"]
[BlackElo "1870"]
[Result "0-1"]
[Round "1"]
1.e4 d5
2.exd5 Qd8xd5
3.Nb1c3 Qd5d8
4.d4 e6
5.Ng1f3 a6
6.Bc1f4 Bf8d6
7.Qd1d2 Bd6xf4
8.Qd2xf4 Ng8f6
9.O-O-O c6
10.Kb1 O-O
11.Bf1d3 b5
12.Rh1e1 Bc8b7
13.Nf3g5 h6
14.Ng5e4 Nf6d5
15.Nc3xd5 cxd5
16.Ne4c5 Bb7c6
17.Qf4g4 Nb8d7
18.Re1xe6 fxe6
19.Nc5xe6 Qd8f6
20.Ne6xf8 Nd7xf8
21.f4 Bc6d7
22.f5 Ra8e8
23.h4 Nf8h7
24.Qg4f4 Qf6e7
25.g4 Qe7xh4
26.Qf4d6 Nh7f6
27.Rd1g1 Re8e1
28.Rg1xe1 Qh4xe1

0-1

[Event "Fast Game"]
[Site "www.echecsemail.com"]
[Date "2016.05.28"]
[Round "1"]
[White "Cal"]
[Black "Jhzes"]
[WhiteElo "1600"]
[BlackElo "1599"]
[Result "0-1"]
[Round "1"]
1.c4 e5
2.e4 Bf8c5
3.Ng1f3 Nb8c6
4.a3 b6
5.Nb1c3 Ng8f6
6.h3 d6
7.d3 Bc8b7
8.Bf1e2 Nc6d4
9.Bc1g5 O-O
10.O-O h6
11.b4 Nd4xf3
12.Be2xf3 hxg5
13.bxc5 bxc5
14.Qd1b3 Ra8b8
15.a4 Bb7xe4
16.dxe4 Rb8xb3
17.Nc3b5 Qd8b8
18.Bf3d1 Rb3xb5
19.axb5 Nf6xe4
20.Bd1c2 Ne4d2
21.Rf1e1 Nd2xc4
22.Bc2d3 Nc4b6
23.Bd3e4 f5
24.Be4c6 Nb6c4
25.Ra1c1 Nc4a5
26.Rc1b1 Na5c4
27.Rb1b3 f4
28.f3 a6
29.Bc6d5 Kh8
30.Bd5xc4 a5
31.Rb3a3 Qb8b6
32.Kh2 Rf8d8
33.h4 gxh4
34.Kh3 g5
35.Kg4 d5
36.Bc4f1 Qb6e6
37.Kh5 Rd8g8
38.Ra3xa5 Qe6f5
39.Ra5a6 c4
40.Ra6h6 Kg7
41.Re1d1 g4
42.Kxh4 Kxh6
43.fxg4 Qf5xg4

0-1

[Event "Tourn. n8771"]
[Site "www.chess-mail.com"]
[Date "2016.05.29"]
[Round "1"]
[White "Estonia"]
[Black "Cardiff"]
[WhiteElo "1950"]
[BlackElo "1810"]
[Result "1-0"]
[Round "1"]
1.e4 e6
2.d4 d5
3.Nb1d2 a6
4.Ng1f3 c5
5.c3 Nb8c6
6.Bf1e2 cxd4
7.Nf3xd4 Nc6xd4
8.cxd4 dxe4
9.Nd2xe4 Bf8e7
10.O-O Ng8f6
11.Be2f3 Nf6xe4
{ time. }
1-0

[Event "Tourn. n8737"]
[Site "www.chess-mail.com"]
[Date "2016.05.29"]
[Round "1"]
[White "Blackpool"]
[Black "Geretree"]
[WhiteElo "1740"]
[BlackElo "1900"]
[Result "0-1"]
[Round "1"]
1.Ng1f3 Nb8c6
2.e4 e5
3.Bf1b5 d6
4.d4 a6
5.Bb5xc6 bxc6
6.dxe5 Bc8g4
7.h3 Bg4xf3
8.Qd1xf3 dxe5
9.O-O Ng8f6
10.Rf1d1 Bf8d6
11.Nb1d2 O-O
12.Nd2c4 Nf6e8
13.Bc1e3 Qd8f6
14.Qf3xf6 Ne8xf6
15.f3 Ra8b8
16.b3 Nf6h5
17.Nc4xd6 cxd6
18.Be3f2 { time. }
0-1

[Event "Tourn. n8738"]
[Site "www.chess-mail.com"]
[Date "2016.05.29"]
[Round "1"]
[White "Fabos12"]
[Black "Julian"]
[WhiteElo "1820"]
[BlackElo "2100"]
[Result "0-1"]
[Round "1"]
1.Ng1f3 d6
2.d4 Ng8f6
3.c4 c6
4.Nb1c3 g6
5.Bc1g5 Bf8g7
6.Ra1c1 O-O
7.e4 Qd8c7
8.Bf1d3 e5
9.d5 Bc8g4
10.O-O Nb8d7
11.h3 Bg4xf3
12.Qd1xf3 cxd5
13.Nc3xd5 Nf6xd5
14.cxd5 Qc7b6
15.b3 f6
16.Bg5e3 Qb6d8
17.Qf3g4 Ra8c8
18.Bd3b5 Rc8xc1
19.Rf1xc1 Nd7b6
20.Be3xb6 axb6
21.Bb5d7 f5
22.Bd7e6 Kh8
23.exf5 Qd8f6
24.Rc1c7 gxf5
25.Qg4h5 e4
26.Rc7xb7 Qf6a1
27.Kh2 Qa1e5
28.g3 e3
29.Kg2 exf2
30.Kxf2 Qe5d4
31.Kf3 Qd4d1
32.Kg2 Qd1xh5
33.Rb7xb6 Bg7d4
{ resign }
0-1

[Event "Tourn. n8779"]
[Site "www.chess-mail.com"]
[Date "2016.05.29"]
[Round "1"]
[White "B0zata"]
[Black "Amaya"]
[WhiteElo "2200"]
[BlackElo "2040"]
[Result "1-0"]
[Round "1"]
1.d4 d5
2.Ng1f3 Nb8c6
3.Bc1f4 Ng8f6
4.h3 g6
5.Nb1c3 Bf8g7
6.e3 O-O
7.Bf1d3 Rf8e8
8.O-O Nf6h5
9.Bf4g5 Bc8d7
10.Nc3xd5 a6
11.c4 Bd7e6
12.Nd5f4 Nh5xf4
13.Bg5xf4 Nc6b4
14.Qd1b3 Nb4xd3
15.Qb3xd3 Be6f5
16.e4 Bf5c8
17.Ra1d1 c6
18.b3 Bc8d7
19.Rf1e1 Qd8c8
20.d5 Re8d8
21.Rd1d2 f5
22.e5 cxd5
23.cxd5 Bd7b5
24.Qd3d4 Rd8d6
25.Qd4b4 Rd6d7
26.a4 { resign }
1-0

[Event "Tourn. n8771"]
[Site "www.chess-mail.com"]
[Date "2016.05.29"]
[Round "1"]
[White "Cardiff"]
[Black "Robert66"]
[WhiteElo "1810"]
[BlackElo "2090"]
[Result "0-1"]
[Round "1"]
1.e4 e5
2.Nb1c3 Ng8f6
3.g3 Nb8c6
4.Bf1g2 Bf8b4
5.Ng1e2 O-O
6.O-O d6
7.d3 Bc8g4
8.h3 Bg4e6
9.f4 exf4
10.Ne2xf4 { time. }
0-1

[Event "Tourn. n8771"]
[Site "www.chess-mail.com"]
[Date "2016.05.29"]
[Round "1"]
[White "Claudia"]
[Black "Cardiff"]
[WhiteElo "1830"]
[BlackElo "1810"]
[Result "1-0"]
[Round "1"]
1.d4 Ng8f6
2.c4 g6
3.Nb1c3 Bf8g7
4.e4 d6
5.h3 c6
6.Bc1g5 h6
7.Bg5e3 O-O
8.Qd1d2 Kh7
{ time. }
1-0

[Event "Tourn. n8768"]
[Site "www.chess-mail.com"]
[Date "2016.05.29"]
[Round "1"]
[White "Cardiff"]
[Black "Shlomo"]
[WhiteElo "1810"]
[BlackElo "1770"]
[Result "0-1"]
[Round "1"]
1.Ng1f3 d5
2.g3 Nb8c6
3.d4 Bc8g4
4.Bf1g2 Qd8d7
5.c3 Ng8f6
6.O-O O-O-O
7.Qd1a4 a6
8.b4 Qd7f5
9.Nb1d2 e5
10.dxe5 Nc6xe5
11.Nf3xe5 Qf5xe5
12.Nd2f3 { time. }
0-1

[Event "Tourn. n8707"]
[Site "www.chess-mail.com"]
[Date "2016.05.29"]
[Round "1"]
[White "Umzi"]
[Black "Milkyway"]
[WhiteElo "2200"]
[BlackElo "2269"]
[Result "1/2-1/2"]
[Round "1"]
1.e4 d5
2.exd5 Qd8xd5
3.Ng1f3 Bc8g4
4.Bf1e2 c6
5.Nb1c3 Qd5d8
6.O-O e6
7.d4 Ng8f6
8.h3 Bg4xf3
9.Be2xf3 Bf8e7
10.Rf1e1 O-O
11.a3 Nb8d7
12.Nc3e4 Nf6xe4
13.Bf3xe4 Nd7f6
14.c3 Nf6xe4
15.Re1xe4 Be7f6
16.Qd1h5 Qd8d5
17.Qh5e2 Rf8e8
18.Bc1f4 Ra8d8
19.Bf4e5 Bf6xe5
20.Re4xe5 Qd5d6
21.Ra1e1 g6
22.h4 Qd6c7
23.h5 Rd8d5
24.hxg6 hxg6
25.Re5e4 Rd5d8
26.Qe2g4 Kg7
27.Re4e3 Re8h8
28.g3 Rd8e8
29.Re3f3 Rh8h5
30.Kf1 Re8h8
31.Ke2 Rh5f5
32.Rf3xf5 exf5
33.Qg4f4 Qc7xf4
34.gxf4 Rh8e8
35.Kd2 Re8e6
36.Re1e3 Kf6
{ draw }
1/2-1/2